00546nam a22001697a 4500003000400000005001700004008004100021010001700062020002700079020002400106040000700130050003000137100002200167245010100189250004100290300004500331OSt20240206111005.0240206b xxu||||| |||| 00| 0 eng d a 2008045846 a 9780439775939 (pbk.) a 0439775930 (pbk.) cRU a PZ8.3.M5596b Fhp 2009 a Metzger, Steve. a Five little penguins slipping on the ice / |.c by Steve Metzger ; illustrated by Laura Bryant a New York :b Scholastic, |c 2009. a 1 v. (unpaged) :b col. ill.;c 26 cm